000 00363nam a2200157Ia 4500
005 20250424120258.0
008 250424s9999 xx 000 0 und d
022 _a01688278
050 _aRC 845 .H47/
245 0 _aJournal of hepatology
260 _aNew York
260 _bElsevier B. V.
260 _c2009
300 _aviii, 416 p. ; 28 cm.
942 _cSR
999 _c38410
_d38410